| 000 | 00824nam a2200277 4500 | ||
|---|---|---|---|
| 999 |
_c1959 _d1959 |
||
| 001 | 1959 | ||
| 003 | BD-JhCC | ||
| 005 | 20210927134020.0 | ||
| 008 | 171026s2004 bcc b 000 0 eng d | ||
| 020 | _a1577314808 | ||
| 020 | _a9781577314806 | ||
| 035 | _a(BD-JhCC)1959 | ||
| 040 |
_aDLC _cDLC _dDLC _dBD-JhCC |
||
| 041 | _aeng | ||
| 050 | 0 | 0 |
_aBL624 _b.T64 2004 |
| 082 | 0 | 0 |
_a 158.1 _223 _bTOL 2004 |
| 100 | 1 |
_aTolle, Eckhart, _d1948- |
|
| 245 | 1 | 4 |
_aThe power of NOW : _ba guide to spiritual enlightenment / _cEckhart Tolle. |
| 250 | _a[Rev. ed.]. | ||
| 260 |
_aVancouver, B.C., Canada : _bNamaste Pub. ; _aNovato, Calif. : _bNew World Library, _cc2004. |
||
| 300 |
_a235 p. ; _c22 cm. |
||
| 504 | _aIncludes bibliographical references (p. 231). | ||
| 650 | 0 | _aSpiritual life. | |
| 942 |
_2ddc _cBK _07 |
||